00525nam a2200133Ia 4500008004100000245012600041260003500167260000900202300000900211650001300220856006600233999001900299952007300318170516s9999 xx 000 0 und d aIsolation, Identification, and Antibiotics Resistance of Aeromonas spp. from Lakes of Udaipur (Rajasthan), India H. Joshi bAsian Journal of Pharmaceutics c2016 a10:2 xPharmacy uhttp://www.asiapharmaceutics.info/index.php/ajp/issue/view/61 c331561d331561 001040aCLbCLd2017-05-16l0r2017-05-16 00:00:00w2017-05-16yFOJ